Organizing silence (Record no. 475510)

MARC details
000 -LEADER
fixed length control field 00779nam a2200253Ia 4500
003 - CONTROL NUMBER IDENTIFIER
control field OSt
005 - DATE AND TIME OF LATEST TRANSACTION
control field 20220925164609.0
008 - FIXED-LENGTH DATA ELEMENTS--GENERAL INFORMATION
fixed length control field 220923b |||||||| |||| 00| 0 eng d
020 ## - INTERNATIONAL STANDARD BOOK NUMBER
International Standard Book Number 0791439429
037 ## - SOURCE OF ACQUISITION
Terms of availability General Book
040 ## - CATALOGING SOURCE
Original cataloging agency RTL
Transcribing agency RTL
Language of cataloging eng
041 ## - LANGUAGE CODE
Source of code eng
Language code of text/sound track or separate title eng
100 ## - MAIN ENTRY--PERSONAL NAME
Personal name Clair Robin Patric
9 (RLIN) 230738
245 #0 - TITLE STATEMENT
Title Organizing silence
Remainder of title A world of possibilities
260 ## - PUBLICATION, DISTRIBUTION, ETC.
Place of publication, distribution, etc. Albany
Name of publisher, distributor, etc. State University of New York Press
Date of publication, distribution, etc. 1998
300 ## - PHYSICAL DESCRIPTION
Extent xvii, 259p
Dimensions cm.
490 ## - SERIES STATEMENT
Series statement Sunny Series in Speech CommunicationSunny Series in Communication Studies
500 ## - GENERAL NOTE
General note Bibliography: P 217-40
942 ## - ADDED ENTRY ELEMENTS (KOHA)
Classification part Y:393, N8
Koha item type General Books
Source of classification or shelving scheme Colon Classification (CC)
Holdings
Withdrawn status Lost status Damaged status Not for loan Home library Current library Date acquired Total Checkouts Full call number Barcode Date last seen Price effective from Koha item type
        Ratan Tata Library Ratan Tata Library 2022-09-25   Y:393 N8 RT1137325 2022-09-25 2022-09-25 General Books
Copyright @ Delhi University Library System